000 00623nam a22001937a 4500
999 _c589
_d589
003 AR-CdUCM
008 190225b ||||| |||| 00| 0 eng d
040 _aMUNICIPALIDAD PROVINCIAL DEL CUSCO
_cBIBLIOTECA MUNICIPAL DEL CUSCO
082 _21ra. ed.
_a869.56 /
_bR52
100 _aJulio, Ramon Ribeyro
_9538
245 _aProsas Apatridas Aumentadas /
_cJulio, Ramon Ribeyro
260 _aLima, PerĂº :
_bMila Batres ,
_c1978.
300 _a155 paginas.
_c20.5 cm.
650 _aLiteratura Peruana.
_9132
650 _aRibeyro.
_92303
700 _aJulio, Ramon Ribeyro
_9538
942 _2ddc
_cLIBROS
945 _artm
_d2019-02-25